000 00318nam a2200121Ia 4500
005 20260326100034.0
008 260326s9999||||xx |||||||||||||| ||und||
100 _aPalacios, Eustaquio
245 0 _aEl Alferéz Real /
_cEustaquio Palacios
260 _bEustaquio Palacios
650 _aARQUITECTURA REGIONAL
942 _cBK
999 _c6731
_d6731